LEADER 01122nam a2200301 i 4500 001 991000899409707536 005 20020507102942.0 008 940314s1976 de ||| | eng 020 $a3540075399 035 $ab10145345-39ule_inst 035 $aLE00638806$9ExL 040 $aDip.to Fisica$bita 084 $a53(06) 084 $a53.3.3 084 $a539.7'54 084 $aQC794.8 100 1 $aHumpert, B.$047860 245 10$aDynamical concepts on scaling violation and new resonances in e+e- annihilation /$cedited by B. Humpert 260 $aBerlin :$bSpringer-Verlag,$c1976 300 $avii, 248 p. :$bill. ;$c24 cm. 490 0 $aLecture notes in physics / edited by J. Ehlers...[et al.] ;$v45 650 4$aAnnihilation reactions 907 $a.b10145345$b17-02-17$c27-06-02 912 $a991000899409707536 945 $aLE006 53.3.3 HUM$g1$i2006000076159$lle006$o-$pE0.00$q-$rl$s- $t0$u0$v0$w0$x0$y.i1017297x$z27-06-02 996 $aDynamical concepts on scaling violation and new resonances in e+e- annihilation$9186170 997 $aUNISALENTO 998 $ale006$b01-01-94$cm$da $e-$feng$gde $h0$i1 LEADER 04080nam a2200541 i 4500 001 991004335430207536 005 20240730114817.0 008 990621m17631769it e 000 0 lat c 026 $ai-n- m.um$bo.o: (asu (3)$c1763 (R)$dv. 1 026 $at,i- 5856$bn-i- auqu (3)$c1763 (R)$dv. 2 026 $ai-a- 30de$b,&um cola (3)$c1764 (R)$dv. 3 026 $aesm. 77a-$burm& stpt (3)$c1765 (R)$dv. 4 026 $aias; r.s,$bami- ittu (3)$c1766 (R)$dv. 5 026 $as;i- r?r-$bt.re olsu (3)$c1768 (R)$dv. 6 026 $a1817 a-ne$bs.m; esle (3)$c1768 (R)$dv. 7 026 $ad.83 umis$be,us CiTu (3)$c1769 (R)$dv. 8 040 $aBibl. Interfacoltà T. Pellegrino$bita$cSocioculturale Scs 100 1 $aGentili, Scipione$d<1563-1616>$0755180 245 00$aScipionis Gentilis jurisconsulti et antecessoris Norici Opera omnia in plures tomos distributa. Tomus primus [-octavus] 246 13$aScipionis Gentilis jurisconsulti Opera Omnia$gTitolo degli occhietti 260 $aNeapoli :$bsumtibus Joannis Gravier et nepotis,$c1763-1769 300 $a8 volumi ;$c4° 500 $aCorsivo, romano 500 $aIniziali, fregi e testatine xilografici 505 00$g1: Tomus primus. -$g1763. -$g[8], VIII, 373, [3] p, [1] carta di tav. : ritratto. (($gSegnatura: ?? a? A-3A?; bianca l'ultima carta. 505 00$g2: Tomus secundus. -$g1763. -$gXX, 488, [16] p. (($gSegnatura: a? b? A-3R?. 505 00$g3: Tomus tertius. -$g1764. -$gXVI, 435, [1] p. (($gSegnatura: [a]? b? A-3G? 3H?. 505 00$g4: Tomus quartus. -$g1765. -$gXIX, [1], 612 p. (($gSegnatura: a? b? A-4F? 4G?. 505 00$g5: Tomus quintus. -$g1766. -$gXX, 498, [2] p. (($gSegnatura: [a]? b? A-3P? 3Q?; bianca l'ultima carta. 505 00$g6: Tomus sextus. -$g1768. -$gXXIV, 435, [1] p. (($gSegnatura: [a]? b-c? A-3G? 3H?. 505 00$g7: Tomus septimus. -$g1768. -$g[12], 422 [i.e. 424] p. (($gLa p. 424 numerata 422. - Segnatura: a? A-3G?. 505 00$g8: Tomus octavus. -$g1769. -$g[8], 508 [i.e. 488] p. (($gOmesse nella numerazione le p. 201-220. - Segnatura: ?? A-3P?. 561 0 $aIl fondo Briganti-Stajano è stato annesso al patrimonio della Biblioteca Interfacoltà nel 1981. Le famiglie da cui il fondo prende il nome sono l'aristocratica famiglia gallipolina dei Briganti (fine XVIII sec.) e la famiglia Stajano di Sannicola, alla quale il fondo è pervenuto in eredità dopo la morte di Domenico Briganti, ultimo discendente (fine XIX sec.). Il fondo si compone di una sezione a stampa antica e moderna e di una sezione manoscritta. La sezione a stampa è costituita in buona parte dalla biblioteca dei due esponenti più noti dell?Illuminismo riformatore salentino, Tommaso Briganti (1691-1762) e il figlio Filippo (1726-1804), e riflette in pieno i loro interessi per le discipline storiche, giuridiche, economiche, religiose e filosofiche; sono presenti nella sezione, inoltre, libri, opuscoli, documenti e opere degli stessi Stajano.$5LE002 562 $a1 esemplare, volumi 1-8$5LE002 700 3 $aBriganti-Stajano $d$epossessore precedente$5LE002 710 2 $aGravier, Giovanni & nipoti 752 $aItalia$dNapoli 856 40$uhttps://books.google.it/books?vid=IBSS:SU200006243&redir_esc=y$zv. 1 856 40$uhttps://books.google.it/books?vid=IBSS:SU200006244&redir_esc=y$zv. 2 856 40$uhttps://books.google.it/books?vid=IBSS:SU200006245&redir_esc=y$zv. 3 856 40$uhttps://books.google.it/books?vid=IBSS:SU200006246&redir_esc=y$zv. 4 856 40$uhttps://books.google.it/books?vid=IBSS:SU200006247&redir_esc=y$zv. 5 856 40$uhttps://books.google.it/books?vid=IBSS:SU200006248&redir_esc=y$zv. 6 856 40$uhttps://books.google.it/books?vid=IBNN:BNA01001459980&redir_esc=y$zv. 7 856 40$uhttps://books.google.it/books?vid=IBNN:BNA01001459979&redir_esc=y$zv. 8 912 $a991004335430207536 996 $aScipionis Gentilis jurisconsulti et antecessoris Norici Opera omnia in plures tomos distributa. Tomus primus$94182636 997 $aUNISALENTO